000 00271nam a2200097 a 4500
005 20201002052632.0
008 150618s2004 000 spa d
245 0 _aMensajes del santo padre Paulo VI a los dominicanos :.
260 _aPuerto Rico,
_c[s.f.].
999 _c45583
_d45583
040 _aDO-SdBNP